Central Library OPAC University of Rajshahi

An introduction to Greek history, antiquities, and literature / (Record no. 24471)

MARC details
000 -LEADER
fixed length control field 00963cam a22002891 4500
001 - CONTROL NUMBER
control field 24471
003 - CONTROL NUMBER IDENTIFIER
rucl marc code BD-RjUL
005 - DATE AND TIME OF LATEST TRANSACTION
control field 20211209001045.0
008 - FIXED-LENGTH DATA ELEMENTS--GENERAL INFORMATION
fixed length control field 140313r19571932enk 000 0 eng d
035 ## - SYSTEM CONTROL NUMBER
System control number (BD-RjUL)24538
040 ## - CATALOGING SOURCE
Original cataloging agency DLC
Transcribing agency TxU-Da
Modifying agency DLC
-- BD-RjUL
Language of cataloging eng
041 ## - LANGUAGE CODE
Language code of text/sound track or separate title eng
082 00 - DEWEY DECIMAL CLASSIFICATION NUMBER
Classification number 938
Author mark and year PEI 1957
100 1# - MAIN ENTRY--PERSONAL NAME
Personal name Petrie, A.
Fuller form of name (Alexander),
Dates associated with a name 1881-1979.
9 (RLIN) 75332
245 13 - TITLE STATEMENT
Title An introduction to Greek history, antiquities, and literature /
Statement of responsibility, etc. by A. Petrie, M.A.
260 ## - PUBLICATION, DISTRIBUTION, ETC. (IMPRINT)
Place of publication, distribution, etc. London :
Name of publisher, distributor, etc. Oxford university press,
Date of publication, distribution, etc. 1932. [Reprinted 1957]
300 ## - PHYSICAL DESCRIPTION
Pagination 159, [1] p. :
Illustrations incl. front., illus. ;
Size 19 cm.
500 ## - GENERAL NOTE
General note Map on lining-paper.
504 ## - BIBLIOGRAPHY, ETC. NOTE
Bibliography, etc Bibliography: p. [160]
650 #0 - SUBJECT ADDED ENTRY--TOPICAL TERM
Topical term or geographic name as entry element Greek literature
General subdivision History and criticism.
9 (RLIN) 67459
651 #0 - SUBJECT ADDED ENTRY--GEOGRAPHIC NAME
Geographic name Greece
General subdivision History.
9 (RLIN) 75333
Geographic name Greece
General subdivision Antiquities.
9 (RLIN) 75334
942 ## - ADDED ENTRY ELEMENTS (KOHA)
Source of classification or shelving scheme Dewey Decimal Classification
Koha item type Books
Holdings
Lost status Source of classification or shelving scheme Damaged status Not for loan Collection code Permanent Location Current Location Shelving location Date acquired Source of acquisition Cost, normal purchase price Total Checkouts Full call number Date last seen Copy number Koha item type
  Dewey Decimal Classification     Non-fiction Central Library, University of Rajshahi Central Library, University of Rajshahi   18/11/1957 Oxford University Press 5.11   938 PEI 1957 13/03/2014 C-2 Books
  Dewey Decimal Classification   Added to bundle Non-fiction Central Library, University of Rajshahi Central Library, University of Rajshahi Reading Room 25/06/1955 O. U. P. 3.10   938 PEI 1953 13/03/2014 C-1 Books